ARRUPE JESUIT UNIVERSITY

CORONAVIRUS -STOP THE SPREAD - CLEAN,DISINFECT,COVER

Disinflation in transition, 1993-97 / (Record no. 129163)

MARC details
000 -LEADER
fixed length control field 01635cam a2200385 a 4500
001 - CONTROL NUMBER
control field 11827081
003 - CONTROL NUMBER IDENTIFIER
control field ARRUPE
005 - DATE AND TIME OF LATEST TRANSACTION
control field 20190307114210.0
008 - FIXED-LENGTH DATA ELEMENTS--GENERAL INFORMATION
fixed length control field 990909s1999 dcua b i000 0 eng d
010 ## - LIBRARY OF CONGRESS CONTROL NUMBER
LC control number 99490013
020 ## - INTERNATIONAL STANDARD BOOK NUMBER
International Standard Book Number 1557757976 :(pbk.)
035 ## - SYSTEM CONTROL NUMBER
System control number (OCoLC)ocm42328088
040 ## - CATALOGING SOURCE
Original cataloging agency CIG
Transcribing agency CIG
Modifying agency ZCU
-- DLC
042 ## - AUTHENTICATION CODE
Authentication code lccopycat
043 ## - GEOGRAPHIC AREA CODE
Geographic area code ee-----
-- e-ur---
050 00 - LIBRARY OF CONGRESS CALL NUMBER
Classification number HG930.7
Item number .C67 1999
300 ## - PHYSICAL DESCRIPTION
Other physical details ill. ;
Dimensions 28 cm.
100 1# - MAIN ENTRY--PERSONAL NAME
Personal name Cottarelli, Carlo.
9 (RLIN) 45096
245 10 - TITLE STATEMENT
Title Disinflation in transition, 1993-97 /
Statement of responsibility, etc Carlo Cottarelli and Peter Doyle.
260 ## - PUBLICATION, DISTRIBUTION, ETC. (IMPRINT)
Place of publication, distribution, etc Washington, D.C. :
Name of publisher, distributor, etc International Monetary Fund,
Date of publication, distribution, etc 1999.
300 ## - PHYSICAL DESCRIPTION
Extent v, 46 p. :
490 1# - SERIES STATEMENT
Series statement Occasional paper,
International Standard Serial Number 0251-6365 ;
Volume number/sequential designation 179.
Series statement Issues in transition
504 ## - BIBLIOGRAPHY, ETC. NOTE
Bibliography, etc Includes bibliographical references (p. 42-44).
650 #0 - SUBJECT ADDED ENTRY--TOPICAL TERM
Topical term or geographic name as entry element Inflation (Finance)
Geographic subdivision Europe, Eastern.
9 (RLIN) 45097
650 #0 - SUBJECT ADDED ENTRY--TOPICAL TERM
Topical term or geographic name as entry element Inflation (Finance)
Geographic subdivision Former Soviet republics.
9 (RLIN) 45098
650 #0 - SUBJECT ADDED ENTRY--TOPICAL TERM
Topical term or geographic name as entry element Monetary policy
Geographic subdivision Europe, Eastern.
9 (RLIN) 41244
650 #0 - SUBJECT ADDED ENTRY--TOPICAL TERM
Topical term or geographic name as entry element Monetary policy
Geographic subdivision Former Soviet republics.
9 (RLIN) 45099
650 #0 - SUBJECT ADDED ENTRY--TOPICAL TERM
Topical term or geographic name as entry element Economic stabilization
Geographic subdivision Europe, Eastern.
9 (RLIN) 45100
650 #0 - SUBJECT ADDED ENTRY--TOPICAL TERM
Topical term or geographic name as entry element Economic stabilization
Geographic subdivision Former Soviet republics.
9 (RLIN) 45101
700 1# - ADDED ENTRY--PERSONAL NAME
Personal name Doyle, Peter,
Dates associated with a name 1961-
9 (RLIN) 45102
710 2# - ADDED ENTRY--CORPORATE NAME
Corporate name or jurisdiction name as entry element International Monetary Fund.
9 (RLIN) 26656
830 #0 - SERIES ADDED ENTRY--UNIFORM TITLE
Uniform title Occasional paper (International Monetary Fund) ;
Volume number/sequential designation no. 179.
9 (RLIN) 45103
830 #0 - SERIES ADDED ENTRY--UNIFORM TITLE
Uniform title Occasional paper (International Monetary Fund).
Name of part/section of a work Issues in transition.
9 (RLIN) 41400
906 ## - LOCAL DATA ELEMENT F, LDF (RLIN)
a 7
b cbc
c copycat
d 2
e ncip
f 19
g y-gencatlg
942 ## - ADDED ENTRY ELEMENTS (KOHA)
Source of classification or shelving scheme Library of Congress Classification
Koha item type Monograph ( Printed materials)
Holdings
Withdrawn status Lost status Source of classification or shelving scheme Damaged status Not for loan Collection code Home library Current library Shelving location Date acquired Total Checkouts Full call number Barcode Date last seen Price effective from Koha item type
    Library of Congress Classification     Main Collection ARRUPE LIBRARY ARRUPE LIBRARY Main Collection 07/03/2019   HG930.7 .C67 1999 46600004129 07/03/2019 07/03/2019 Monograph ( Printed materials)

 

Arrupe Library. PO Box MP320 Mt Pleasant, Harare, Zimbabwe
263 242 745411|librarian@aju.ac.zw